00771nam a2200193 i 4500001000700000003000900007005001700016007000300033008004100036100004100077245009400118260003800212300002200250600006800272600007400340852002200414999001900436952012200455118909ES-MaACL20230906191213.0t|070214s1966 sp r ||||1| spa d1 aPérez de la Dehesa, Rafael.99078110aPolítica y sociedad en el primer Unamuno b: 1894-1904 / cRafael Pérez de la Dehesa. aMadrid : bCiencia Nueva, c1966. a207 p. ; c19 cm.14aUnamuno, Miguel de,d1864-1936-xPensamiento político911198814aUnamuno, Miguel de,d1864-1936-xCrítica e interpretación9111984 aES-MaACLjC-30432 c118909d118909 00104070aATENEOMbATENEOMcDEPO2d2008-01-17eSCl0oC-30432p1123963r2023-02-23 00:00:00w2023-02-23yMONOGRAFIA